| Поле | Название | Значение |
| |
Тип записи |
c |
| |
Библиографический уровень |
m |
| 001 |
Контрольный номер |
UONB/MAIN/02cbe7b7ff884bdd94e9e65e125183dc |
| 005 |
Дата корректировки |
20241119130322.2 |
| 010 |
Индекс ISBN |
__ |
| 9 |
Тираж |
8630 экз. |
| 013 |
Номер (ISMN) |
__ |
| d |
Цена |
61 к. |
| 071 |
Издательские номер (звукозапись и ноты) |
21 |
| a |
Номер, присвоенный агентством |
107 |
| 100 |
Данные общей обработки |
__ |
| a |
Данные общей обработки |
20241112b1971 u y0rusy0189 ca |
| 101 |
Язык документа |
0_ |
| a |
Язык текста |
rus |
| c |
Язык оригинала |
rus |
| 102 |
Страна публикации |
__ |
| a |
Страна публикации |
RU |
| 125 |
Кодированные данные звукозаписи и нотных изданий |
__ |
| a |
Форма изложения нотного текста |
с |
| 128 |
Кодированные данные (звукозаписи-физические характеристики) |
__ |
| a |
Кодированные данные: Музыкальная форма и тональность или лад |
fm |
| c |
Инструменты или голоса, рекомендуемые для солистов (устаревшее) |
kt |
| c |
Инструменты или голоса, рекомендуемые для солистов (устаревшее) |
vu |
| 200 |
Заглавие и сведения об ответственности |
1_ |
| a |
Заглавие |
[Вып. 1] |
| f |
Первые сведения об ответственности |
составитель Б. Кравченко |
| e |
Сведения, относящиеся к заглавию |
для баяна и голоса с баяном |
| 203 |
Вид содержания и тип средства |
__ |
| a |
Вид содержания |
Музыка |
| b |
Характеристика содержания |
знаковая |
| c |
Тип средства |
непосредственная |
| 210 |
Выходные данные |
1_ |
| d |
Дата издания |
1971 |
| 215 |
Физическое описание |
__ |
| a |
Объем |
46 с. |
| 327 |
Примечание о содержании |
11 |
| a |
Примечание о содержании |
Содерж.: концертные пьесы : Петров А. Русский сувенир. Фиртич Г. Интермеццо из кинофильма "Золотой теленок". Ефремов В. Частушки-нескладушки. Хромушин О. Облака. Песни : Колкер А. Чудо-кони / сл. К. Рыжова. Брук Ф. Жура-журавель / сл. В. Суслова. Дубравин Я. Баллада о красном всаднике / сл. Я. Рябоконя. Кравченко Б. Я - Иванушка-дурачок / сл. В. Дагурова. Витлин В. Русская изба / сл. М. Наринского. Балай Л. Проводы русской зимы / сл. А. Шкляринского. Феркельман М. Без песни нельзя / сл. С. Фогельсона. |
| 461 |
Уровень набора |
_0 |
| 1 |
|
2001 |
| a |
|
Русский сувенир |
| f |
|
сборник пьес |
| v |
|
[Вып. 1] |
| 1 |
|
2101 |
| a |
|
Ленинград |
| a |
|
Москва |
| c |
|
1971 - |
| 1 |
|
001UONB/MAIN/41998ebc9ff243ffa7236120b38fda0c |
| 1 |
|
215 |
| d |
|
29 см |
| 464 |
Аналитический уровень |
_0 |
| 1 |
|
700 1 |
| a |
|
Петров |
| b |
|
А. |
| 1 |
|
702 1 |
| a |
|
Кравченко |
| b |
|
Б. |
| 4 |
|
030 |
| 1 |
|
2001 |
| a |
|
Русский сувенир |
| 464 |
Аналитический уровень |
_0 |
| 1 |
|
700 1 |
| a |
|
Фиртич |
| b |
|
Г. |
| 1 |
|
2001 |
| a |
|
Интермеццо из кинофильма "Золотой теленок" |
| 1 |
|
50010 |
| a |
|
Золотой теленок |
| 464 |
Аналитический уровень |
_0 |
| 1 |
|
700 1 |
| a |
|
Ефремов |
| b |
|
В. |
| 1 |
|
2001 |
| a |
|
Частушки-нескладушки |
| 464 |
Аналитический уровень |
_0 |
| 1 |
|
700 1 |
| a |
|
Хромушин |
| b |
|
О. |
| 1 |
|
2001 |
| a |
|
Облака |
| 464 |
Аналитический уровень |
_0 |
| 1 |
|
036 |
| t |
|
Эх, поля, поля бескрайние... |
| 1 |
|
700 1 |
| a |
|
Колкер |
| b |
|
А. |
| 1 |
|
702 1 |
| a |
|
Рыжов |
| b |
|
К. |
| 4 |
|
520 |
| 1 |
|
2001 |
| a |
|
Чудо-кони |
| 464 |
Аналитический уровень |
_0 |
| 1 |
|
036 |
| t |
|
По траве, по травушке... |
| 1 |
|
700 1 |
| a |
|
Брук |
| b |
|
Ф. |
| 1 |
|
702 1 |
| a |
|
Суслов |
| b |
|
В. |
| 4 |
|
520 |
| 1 |
|
2001 |
| a |
|
Жура-журавель |
| 464 |
Аналитический уровень |
_0 |
| 1 |
|
036 |
| t |
|
Топот, топот, топот копыт... |
| 1 |
|
700 1 |
| a |
|
Дубравин |
| b |
|
Я. |
| 1 |
|
702 1 |
| a |
|
Рябоконь |
| b |
|
Я. |
| 4 |
|
520 |
| 1 |
|
2001 |
| a |
|
Баллада о красном всаднике |
| 464 |
Аналитический уровень |
_0 |
| 1 |
|
036 |
| t |
|
Много филинов грозных ухало... |
| 1 |
|
700 1 |
| a |
|
Кравченко |
| b |
|
Б. |
| 1 |
|
702 1 |
| a |
|
Дагуров |
| b |
|
В. |
| 4 |
|
520 |
| 1 |
|
2001 |
| a |
|
Я - Иванушка-дурачок |
| 464 |
Аналитический уровень |
_0 |
| 1 |
|
036 |
| t |
|
У дороги, возле поля... |
| 1 |
|
700 1 |
| a |
|
Витлин |
| b |
|
В. |
| 1 |
|
702 1 |
| a |
|
Наринский |
| b |
|
М. |
| 4 |
|
520 |
| 1 |
|
2001 |
| a |
|
Русская изба |
| 464 |
Аналитический уровень |
_0 |
| 1 |
|
036 |
| t |
|
Весной пахнет зима... |
| 1 |
|
700 1 |
| a |
|
Балай |
| b |
|
Л. |
| 1 |
|
702 1 |
| a |
|
Шкляринский |
| b |
|
А. |
| 4 |
|
520 |
| 1 |
|
2001 |
| a |
|
Проводы русской зимы |
| 464 |
Аналитический уровень |
_0 |
| 1 |
|
036 |
| t |
|
Подругой задушевною... |
| 1 |
|
700 1 |
| a |
|
Феркельман |
| b |
|
М. |
| 1 |
|
702 1 |
| a |
|
Фогельсон |
| b |
|
С. |
| 4 |
|
520 |
| 1 |
|
2001 |
| a |
|
Без песни нельзя |
| 606 |
Тематические рубрики |
0_ |
| a |
Основная рубрика |
Баян |
| x |
Основная подрубрика |
Пьесы советских композиторов |
| 606 |
Тематические рубрики |
0_ |
| a |
Основная рубрика |
Сольное пение |
| x |
Основная подрубрика |
Песни советских композиторов |
| 610 |
Ключевые слова |
0_ |
| a |
Ключевые слова |
баян; сольное пение; пьесы советских композиторов; песни советских композиторов |
| 686 |
Индексы других классификаций |
__ |
| 2 |
Код системы |
rubbk |
| a |
Классификационный индекс |
85.954.6я43 |
| 686 |
Индексы других классификаций |
__ |
| a |
Классификационный индекс |
85.943.4-46я43 |
| 702 |
Вторичная интеллектуальная ответственность |
_1 |
| a |
Фамилия |
Кравченко |
| b |
Имя (инициалы) |
Б. П. |
| g |
Полное личное имя |
Борис Петрович |
| 4 |
Код отношения |
220 |
| 801 |
Источник записи |
_0 |
| a |
Страна |
RU |
| b |
Организация |
Ульяновская ОНБ |
| c |
Дата составления |
20241112 |
| g |
Правила каталогизации |
RCR |
| 801 |
Источник записи |
_1 |
| a |
Страна |
RU |
| b |
Организация |
Ульяновская ОНБ |
| c |
Дата составления |
20241112 |
| g |
Правила каталогизации |
RCR |
| 901 |
Тип документа |
__ |
| t |
Тип документа |
n |
| w |
Контрольный № источника |
UONB/MAIN/41998ebc9ff243ffa7236120b38fda0c |
| 909 |
Создатель записи |
__ |
| a |
Создатель записи |
Никитина Т. А. |
| b |
Дата создания записи |
20241112 |